<?xml version="1.0" encoding="UTF-8"?>
<marc:record xmlns:marc="http://www.loc.gov/MARC21/slim">
   <marc:leader>00000nam a2200000 a 4500</marc:leader>
   <marc:datafield ind1="1" ind2=" " tag="100">
      <marc:subfield code="a">Lohner, Alexander</marc:subfield>
      <marc:subfield code="4">aut</marc:subfield>
      <marc:subfield code="e">Verfasser/-in</marc:subfield>
   </marc:datafield>
   <marc:datafield ind1=" " ind2=" " tag="653">
      <marc:subfield code="a">die anhand eines spannenden Romans in die Geschichte eintauchen möchten und sich auch über die Rolle der Christen in der Antike ein Bild machen möchten.</marc:subfield>
   </marc:datafield>
   <marc:datafield ind1=" " ind2=" " tag="653">
      <marc:subfield code="a">Historischer Roman</marc:subfield>
   </marc:datafield>
   <marc:datafield ind1=" " ind2=" " tag="653">
      <marc:subfield code="a">Christenverfolgung</marc:subfield>
   </marc:datafield>
   <marc:datafield ind1=" " ind2=" " tag="653">
      <marc:subfield code="a">Nero</marc:subfield>
   </marc:datafield>
   <marc:datafield ind1=" " ind2=" " tag="653">
      <marc:subfield code="a">Antike</marc:subfield>
   </marc:datafield>
   <marc:datafield ind1=" " ind2=" " tag="653">
      <marc:subfield code="a">Softcover / Belletristik/Historische Romane</marc:subfield>
   </marc:datafield>
   <marc:datafield ind1=" " ind2=" " tag="653">
      <marc:subfield code="a">Erzählungen</marc:subfield>
   </marc:datafield>
   <marc:datafield ind1=" " ind2=" " tag="653">
      <marc:subfield code="a">Historische Romane und Erzählungen</marc:subfield>
   </marc:datafield>
   <marc:datafield ind1="0" ind2="0" tag="245">
      <marc:subfield code="a">Octavia</marc:subfield>
   </marc:datafield>
   <marc:datafield ind1="0" ind2="0" tag="245">
      <marc:subfield code="b">die Gemahlin Neros</marc:subfield>
   </marc:datafield>
   <marc:datafield ind1="0" ind2="0" tag="245">
      <marc:subfield code="c">Alexander Lohner</marc:subfield>
   </marc:datafield>
   <marc:datafield ind1=" " ind2="1" tag="264">
      <marc:subfield code="a">Kisslegg-Immenried</marc:subfield>
      <marc:subfield code="b">Christiana-Verl. im Fe-Medienverl.</marc:subfield>
      <marc:subfield code="c">2013</marc:subfield>
   </marc:datafield>
   <marc:datafield ind1=" " ind2=" " tag="250">
      <marc:subfield code="a">1. Aufl.</marc:subfield>
   </marc:datafield>
   <marc:datafield ind1="1" ind2=" " tag="520">
      <marc:subfield code="a">Angaben aus der Verlagsmeldung

Octavia : Die Gemahlin Neros / von Alexander Lohner

Es gab bereits in der Antike und auch im Mittelalter Legenden bzw. Überlieferungen, denen zufolge Octavia den Mordanschlag Neros, der ihr nach offizieller Geschichtsschreibung den Tod brachte, in Wirklichkeit überlebt hat. Es gibt allerdings in der Literaturgeschichte nur sehr wenige Werke, welche diese geheimen Traditionen aufgegriffen haben. Zu nennen wären hier der Barockroman des Anton Ulrich Herzog von Braunschweig-Wolfenbüttel „Die Römische Octavia“ (von 1677) und die heute nur noch selten gespielte Oper von Reinhard Keiser „Die römische Unruhe oder die edelmütige Octavia“, welche am 5. August 1705 an der Hamburger Oper am Gänsemarkt uraufgeführt wurde.
Alexander Lohner ist den alten Überlieferungen über das verborgene Schicksal von Neros erster Gemahlin ganz neu nachgegangen und erzählt hier das Leben der römischen Kaiserin Octavia spannend und voller Mitgefühl.
</marc:subfield>
   </marc:datafield>
   <marc:datafield ind1=" " ind2=" " tag="020">
      <marc:subfield code="a">9783717112235</marc:subfield>
      <marc:subfield code="9">9783717112235</marc:subfield>
   </marc:datafield>
   <marc:datafield ind1=" " ind2=" " tag="041">
      <marc:subfield code="a">ger</marc:subfield>
   </marc:datafield>
   <marc:datafield ind1=" " ind2=" " tag="300">
      <marc:subfield code="a">414 S.</marc:subfield>
   </marc:datafield>
</marc:record>
